Jedzenie zdjecie quiz (Polski) - Statystyki

Ogólne statystyki
  • Ten quiz został rozwiązany 2 406 razy
  • Średni wynik to 5 z 10
Statystyki odpowiedzi
Obrazkowy Odpowiedź % Poprawnych
Ser
77%
Czekolada
73%
Truskawka
73%
Gruszka
71%
Ciasto
67%
Burger
61%
Banana
53%
Apple
40%
Stop
2%
Warstwowych
1%
Nie znaleziono quizów pasujących do podanych kryteriów
Rozkład punktacji
Procent ludzi z każdym wynikiem
Percentyl według liczby udzielonych odpowiedzi
Twoja historia wyników
Nie rozwiązałeś tego quizu